| 000 | 00785nam a2200217 i 4500 | ||
|---|---|---|---|
| 001 | bgj | ||
| 100 | 1 |
_aCHARRIERE, Henri _d(1906-1973) |
|
| 245 | 1 | 0 |
_aPapillon / _cby Henri Charriere ; with an introduction by Jean-Pierre Castelnau ; translated [from the French] by June P. Wilson and Walter B. Michaels. |
| 260 |
_aNew York : _bWilliam Morrow and Company, Inc., _c1970. |
||
| 300 |
_aXI, 434 pp : _bone map ; _c25 cm. |
||
| 650 | 9 |
_aPrisoners _zFrench Guiana |
|
| 650 | 9 |
_aPrisoners _xPersonal narratives _zFrench Guiana |
|
| 655 | _aBiographies | ||
| 700 | 1 |
_aCASTELNAU, Jean-Pierre. _eintrod. |
|
| 700 | 1 |
_aWILSON, June P. _etransl. |
|
| 700 | 1 |
_aMICHAELS, Walter B. _etransl. |
|
| 040 | _cBPK | ||
| 041 | 1 |
_aeng _hfre |
|
| 942 | _cKS | ||
| 008 | s uk f |000 0 eng | ||
| 999 |
_c48618 _d48618 |
||
| 856 |
_uhttp://koha.tu.koszalin.pl/cgi-bin/koha/opac-detail.pl?biblionumber=48618 _yKatalog online BPK |
||